|
|
|
|
| LEADER |
01182nam a2200229 i 4500 |
| 003 |
GR-PaULI |
| 005 |
20241011115317.0 |
| 008 |
240702s2003 gr a|||g |||| 00| 0 gre d |
| 020 |
|
|
|a 9602142960
|
| 040 |
|
|
|a GR-PaULI
|b gre
|c GR-PaULI
|e AACR2
|
| 082 |
0 |
4 |
|a 938.2
|b 23
|
| 100 |
1 |
|
|9 182524
|a Χρυσοστόμου, Παύλος
|e συγγραφέας.
|
| 245 |
1 |
|
|a Νικόπολις /
|c Παύλος Χρυσοστόμου, Φραγκίσκα Κεφαλλωνίτου.
|
| 260 |
|
|
|a Αθήνα :
|b Υπουργείο Πολιτισμού. Ταμείο Αρχαιολογικών Πόρων και Απαλλοτριώσεων,
|c 2003.
|
| 300 |
|
|
|a 65 σ. :
|b εικ. ;
|c 27 εκ.
|
| 504 |
|
|
|a Περιλαμβάνει βιβλιογραφία.
|
| 651 |
|
4 |
|9 166622
|a Νικόπολις (Πρέβεζα)
|x Αρχαιότητες.
|
| 700 |
1 |
|
|9 204591
|a Κεφαλλωνίτου, Φραγκίσκα
|e συγγραφέας.
|
| 942 |
|
|
|2 ddc
|c BK
|
| 952 |
|
|
|0 0
|1 0
|2 ddc
|4 0
|6 938_200000000000000_ΧΡΥ
|7 0
|9 381602
|a LISP
|b LISP
|c BSC
|d 2024-07-02
|e ΛΑΖ
|i 261805
|l 0
|o 938.2 ΧΡΥ
|p 025000303669
|r 2024-07-02 00:00:00
|t 1
|w 2024-07-02
|y BK15
|
| 998 |
|
|
|c ΛΟΤΣΑΡΗ
|d 2024-07
|
| 999 |
|
|
|c 221738
|d 221738
|